000 01420nam2a22002891 4500
001 rc\3236457
005 20250609194325.0
021 _aRU
_b[72-82173]
021 _aRU
_b[73-46331]
021 _aRU
_b[70-82442]
035 _a(NLR Aleph) 007474023
090 _a7446746
_c7446746
100 _a20130115d1973 |||y0rusy50 ca
101 0 _arus
102 _aRU
105 _aa z |||||
200 0 _aТ. 3
_f[Предисл. А. Ишанова]
210 _d1973
_aБ. м.
215 _a551 с., 4 л. ил.
320 _aСписок лит. в примеч.: с. 539-541
461 0 _1001rc\3236454
_12001#$aИзбранные труды$eВ 3 т.$f[Ред. коллегия: ... М.М. Хайруллаев (отв. ред.)$gВступ. статья чл.-кор. АН УзССР А.И. Ишанова, с. 11-68]$gИн-т философии и права АН УзССР. Ин-т истории партии при ЦК КПУз. Ин-т истории АН УзССР. Т. 1-3$vТ. 3
_1700#1$aХоджаев$bФ.$f1896-1938$gФайзулла
_97446719
_aХоджаев, Ф. (1896-1938)
_cТашкент
_d1970-1973
_f[Ред. коллегия: ... М.М. Хайруллаев (отв. ред.)
_nФан
_oВ 3 т.
_p3 т.
_tИзбранные труды
_vТ. 3
702 1 _aИшанов
_bА.
_4080
801 0 _aRU
_bNLR
_gpsbo
801 1 _aRU
_bELAR
_2rusmarc
852 _aNLR
_j70-3/6744
942 _cBOOK
980 _aNB